000 00248nam a2200097Ia 4500
001 655225
005 20250826154533.0
008 250824s9999 xx 000 0 und d
245 0 _aKafdağı nın Ardına Yolculuk
_cGülten Dayıoğlu
260 _bALTIN
999 _c655225
_d655225